[Event "Forcing Moves Winter-1 U2000"]
[Site "Mississauga CAN"]
[Date "2023.01.28"]
[Round "1.6"]
[White "Wang, Bingfei"]
[Black "Sreekumar, Gauri"]
[Result "1/2-1/2"]
[WhiteElo "1886"]
[BlackElo "1606"]
[PlyCount "117"]
[EventDate "2023.01.28"]
[EventType "swiss"]
[EventRounds "5"]
[EventCountry "CAN"]

1. d4 Nf6 2. Nf3 g6 3. c4 Bg7 4. Nc3 d6 5. e4 O-O 6. Bd3 e5 7. d5 Nbd7 8. O-O
Nc5 9. Bc2 a5 10. a3 Nh5 11. Be3 Bg4 12. h3 Bd7 13. b4 axb4 14. axb4 Rxa1 15.
Qxa1 Na6 16. b5 Nc5 17. Bxc5 dxc5 18. Rd1 Qc8 19. Ne2 f5 20. Qc3 fxe4 21. Bxe4
Nf4 22. Nxf4 Rxf4 23. Nd2 Qf8 24. f3 Qe7 25. Ra1 Rf8 26. Ra7 Qg5 27. Kf2 Bh6
28. Nf1 Qh4+ 29. Ke2 Qg5 30. g4 Qh4 31. Qxe5 Bf4 32. Qc3 Qxh3 33. Qd3 Re8 34.
Ra3 Bxg4 35. Nd2 Qg2+ 36. Kd1 Bxd2 37. Qxd2 Qf1+ 38. Kc2 Qxc4+ 39. Kb2 Bd7 40.
d6 Be6 41. dxc7 Qxb5+ 42. Kc1 Qb6 43. Qa5 Qxa5 44. Rxa5 b6 45. Ra6 Rc8 46. Rxb6
Kf7 47. Rc6 Ke7 48. Rxc5 Kd6 49. Rc6+ Kd7 50. Kd2 Rxc7 51. Rxc7+ Kxc7 52. Ke3
Kd6 53. Kf4 Bd5 54. Bxd5 Kxd5 55. Kg5 Ke5 56. Kh6 Kf4 57. Kxh7 g5 58. Kg6 Kxf3
59. Kxg5 1/2-1/2

[Event "Forcing Moves Winter-1 U2000"]
[Site "Mississauga CAN"]
[Date "2023.01.28"]
[Round "1.7"]
[White "Nguyen, Thuan"]
[Black "Lakhani, Riyaan"]
[Result "0-1"]
[WhiteElo "1515"]
[BlackElo "1841"]
[PlyCount "108"]
[EventDate "2023.01.28"]
[EventType "swiss"]
[EventRounds "5"]
[EventCountry "CAN"]

1. Nf3 g6 2. d4 Bg7 3. e4 d6 4. Nc3 a6 5. Be3 b5 6. Bd3 Nd7 7. a4 b4 8. Ne2 a5
9. O-O c5 10. Bb5 Qc7 11. dxc5 dxc5 12. Qd5 Bb7 13. Qxc5 Qxc5 14. Bxc5 Bxe4 15.
Rad1 O-O-O 16. Bd4 e5 17. Be3 h6 18. Rd6 Ngf6 19. c3 Bf8 20. Ra6 bxc3 21. Nxc3
Bb7 22. Rxa5 Bb4 23. Ra7 Ng4 24. Rc1 Nxe3 25. Bxd7+ Rxd7 26. Nb5+ Kb8 27. fxe3
Rd5 28. Rxb7+ Kxb7 29. Rc7+ Kb6 30. Rxf7 Bc5 31. Rf6+ Ka5 32. Nc3 Bxe3+ 33. Kf1
Rc5 34. Rxg6 Rb8 35. Ke2 Bc1 36. Nd1 Kxa4 37. Re6 Bxb2 38. Rxh6 Ba1 39. Re6 Rb4
40. h4 Kb5 41. h5 Re4+ 42. Kf2 Rc2+ 43. Kg3 Ree2 44. Rd6 Rxg2+ 45. Kh4 e4 46.
Nd4+ Bxd4 47. Rxd4 Rgd2 48. Rxe4 Rxd1 49. Re5+ Kc6 50. Kg5 Kd6 51. Re4 Rh1 52.
h6 Rg2+ 53. Kf4 Rh4+ 54. Kf3 Rxe4 0-1

[Event "Forcing Moves Winter-1 U2000"]
[Site "Mississauga CAN"]
[Date "2023.01.28"]
[Round "1.8"]
[White "Shah, Omar"]
[Black "Singh Dhaliwal, Jaipreet"]
[Result "0-1"]
[WhiteElo "1823"]
[BlackElo "1495"]
[PlyCount "104"]
[EventDate "2023.01.28"]
[EventType "swiss"]
[EventRounds "5"]
[EventCountry "CAN"]

1. Nf3 Nf6 2. b3 g6 3. Bb2 d5 4. e3 Bg7 5. c4 O-O 6. cxd5 Nxd5 7. Bxg7 Kxg7 8.
Be2 c5 9. Qc1 b6 10. Nc3 Nf6 11. O-O Bb7 12. d4 Nbd7 13. Rd1 cxd4 14. Rxd4 Rc8
15. Qb2 Bxf3 16. Bxf3 e5 17. Rd2 Qe7 18. b4 a5 19. a3 axb4 20. axb4 Rc4 21. Rb1
Kg8 22. Be2 Rcc8 23. e4 Rxc3 24. Rxd7 Qxd7 25. Qxc3 Re8 26. f3 Nh5 27. Rd1 Nf4
28. Kf2 Qa7 29. Bb5 Re7 30. g3 Nh5 31. Rd5 f6 32. Qb3 Kg7 33. Rd8 Rf7 34. Be8
b5+ 35. Kg2 Rb7 36. Bc6 Re7 37. Bxb5 Qb6 38. Rg8+ Kh6 39. Qd3 Ra7 40. Qd2+ g5
41. h4 Ng7 42. hxg5+ fxg5 43. Be2 Ra1 44. Bf1 Qe6 45. Rd8 Ra2 46. b5 Rxd2+ 47.
Rxd2 Ne8 48. Rc2 Kg7 49. Bc4 Qb6 50. Ra2 Nd6 51. Bf1 Nc8 52. Rc2 Qd8 0-1

[Event "Forcing Moves Winter-1 U2000"]
[Site "Mississauga CAN"]
[Date "2023.01.28"]
[Round "1.9"]
[White "Li, Ethan"]
[Black "Botello, Daniel"]
[Result "0-1"]
[WhiteElo "1493"]
[BlackElo "1729"]
[PlyCount "110"]
[EventDate "2023.01.28"]
[EventType "swiss"]
[EventRounds "5"]
[EventCountry "CAN"]

1. e4 e5 2. Nf3 d5 3. exd5 Bd6 4. Nc3 f5 5. Bb5+ c6 6. dxc6 bxc6 7. Bc4 e4 8.
Qe2 Qe7 9. Nd4 Be5 10. Nb3 a5 11. d4 exd3 12. Bxd3 Nf6 13. Bg5 a4 14. Bxf6 Bxf6
15. Qxe7+ Kxe7 16. Nc5 a3 17. N5a4 axb2 18. Rb1 Na6 19. Rxb2 Nc5 20. Rb4 Nxa4
21. Nxa4 c5 22. Rc4 Be6 23. Rxc5 Rxa4 24. O-O Rb8 25. Bb5 Rxa2 26. c4 Rc8 27.
Rxc8 Bxc8 28. Re1+ Be6 29. c5 Ra1 30. Rxa1 Bxa1 31. Kf1 Bd4 32. c6 Kd6 33. Ke2
Bd5 34. c7 Kxc7 35. f3 Kd6 36. Kd3 Be5 37. h3 Ke6 38. Ke2 Kf6 39. Bd3 Kg5 40.
Kf2 Bd4+ 41. Kg3 f4+ 42. Kh2 g6 43. Be2 Bf2 44. Bf1 Kf6 45. Bd3 Ke5 46. Be2 Kd4
47. Bb5 Bc4 48. Bd7 Ke3 49. Bg4 Ke2 50. Bd7 Kf1 51. h4 Bxh4 52. Kh1 Kf2 53. Kh2
Bg3+ 54. Kh3 Bf1 55. Bc6 h5 0-1

[Event "Forcing Moves Winter-1 U2000"]
[Site "Mississauga CAN"]
[Date "2023.01.28"]
[Round "1.10"]
[White "Xie, Irene"]
[Black "Pham, Anthony"]
[Result "1-0"]
[WhiteElo "1718"]
[BlackElo "1467"]
[PlyCount "128"]
[EventDate "2023.01.28"]
[EventType "swiss"]
[EventRounds "5"]
[EventCountry "CAN"]

1. e4 c5 2. Nf3 d6 3. Bb5+ Bd7 4. Bxd7+ Qxd7 5. Nc3 Nf6 6. d3 Nc6 7. b3 g6 8.
Bb2 Bg7 9. O-O O-O 10. Nd2 a6 11. Nc4 Rab8 12. Ne2 b5 13. Ne3 e6 14. f4 d5 15.
e5 Ne8 16. d4 c4 17. c3 f5 18. b4 Nc7 19. h3 a5 20. a3 Na8 21. g4 fxg4 22. hxg4
axb4 23. axb4 Nb6 24. Qe1 Na4 25. Bc1 Rf7 26. Bd2 Rbf8 27. Kg2 Nb2 28. g5 Ne7
29. Ng4 Nf5 30. Ng3 Nd3 31. Qe2 Nxb4 32. cxb4 Nxd4 33. Qf2 Nb3 34. Rad1 Ra8 35.
Bc3 Qc6 36. Kh3 Rfa7 37. Qe3 Bf8 38. Kg2 d4+ 39. Qe4 Qxe4+ 40. Nxe4 dxc3 41.
Nxc3 Rb8 42. Nf6+ Kh8 43. Nd7 Rd8 44. Nxf8 Rxf8 45. Nxb5 Rb7 46. Nd4 Nxd4 47.
Rxd4 Rc8 48. Rb1 c3 49. Kf3 c2 50. Rc1 Rc3+ 51. Ke2 Kg7 52. Kd2 Rbc7 53. Rd7+
Rxd7+ 54. Kxc3 Rf7 55. Rxc2 Rxf4 56. b5 Rf5 57. b6 Rxe5 58. b7 Rc5+ 59. Kd3 Rb5
60. Rc7+ Kg8 61. Rc8+ Kg7 62. b8=Q Rxb8 63. Rxb8 h5 64. Rb7+ Kf8 1-0

[Event "Forcing Moves Winter-1 U2000"]
[Site "Mississauga CAN"]
[Date "2023.01.28"]
[Round "1.11"]
[White "Suresh, Pavan"]
[Black "Deepak, Laksshana"]
[Result "1-0"]
[WhiteElo "1442"]
[BlackElo "1697"]
[PlyCount "53"]
[EventDate "2023.01.28"]
[EventType "swiss"]
[EventRounds "5"]
[EventCountry "CAN"]

1. e4 c5 2. Nf3 d6 3. d4 cxd4 4. Nxd4 Nf6 5. Nc3 a6 6. Bg5 e6 7. f4 Be7 8. Qf3
Nbd7 9. O-O-O h6 10. Bh4 Qc7 11. Bf2 b5 12. a3 Bb7 13. Nb3 Nxe4 14. Nxe4 f5 15.
Qh5+ Kd8 16. Nc3 Bf6 17. Bd4 e5 18. fxe5 dxe5 19. Bf2 f4 20. Nc5 Kc8 21. Rxd7
Qxd7 22. Nxd7 Kxd7 23. Qf7+ Kc8 24. Bb6 Bd8 25. Bxd8 Rxd8 26. Qxg7 f3 27. Qg4+
1-0

[Event "Forcing Moves Winter-1 U2000"]
[Site "Mississauga CAN"]
[Date "2023.01.28"]
[Round "1.12"]
[White "Zhang, Daniel"]
[Black "Sreekumar Maliekal, Balakrishnan"]
[Result "1-0"]
[WhiteElo "1671"]
[BlackElo "1415"]
[PlyCount "73"]
[EventDate "2023.01.28"]
[EventType "swiss"]
[EventRounds "5"]
[EventCountry "CAN"]

1. e4 c5 2. Nf3 d6 3. Bb5+ Bd7 4. Bxd7+ Qxd7 5. O-O g6 6. c3 Bg7 7. d4 cxd4 8.
cxd4 Nc6 9. Nc3 Nf6 10. Qe2 O-O 11. Rd1 Rfd8 12. h3 Rac8 13. Be3 a6 14. Na4 Qe8
15. Nb6 Rb8 16. d5 Ne5 17. Nxe5 dxe5 18. f3 Nd7 19. Rac1 Nxb6 20. Bxb6 Rdc8 21.
b4 Bh6 22. Be3 Bf4 23. Bxf4 exf4 24. Qb2 Qb5 25. a3 Qb6+ 26. Kh2 f6 27. d6 e5
28. Qb3+ Kg7 29. Qe6 Rf8 30. Rc7+ Kh6 31. Qe7 Kg5 32. Qxh7 Rh8 33. Qd7 Rh4 34.
Rc5 Rd8 35. Qe7 Qa7 36. Qxd8 b6 37. Rxe5+ 1-0

[Event "Forcing Moves Winter-1 U2000"]
[Site "Mississauga CAN"]
[Date "2023.01.28"]
[Round "2.5"]
[White "Lakhani, Riyaan"]
[Black "Gao, Heye"]
[Result "1-0"]
[WhiteElo "1841"]
[BlackElo "1662"]
[PlyCount "69"]
[EventDate "2023.01.28"]
[EventType "swiss"]
[EventRounds "5"]
[EventCountry "CAN"]

1. d4 d5 2. c4 e6 3. Nf3 Nf6 4. g3 Be7 5. Bg2 O-O 6. O-O c5 7. cxd5 exd5 8. Nc3
Nc6 9. Bf4 c4 10. Re1 Qb6 11. Rb1 Bf5 12. e4 Nxe4 13. Nxd5 Qd8 14. Nxe7+ Nxe7
15. Nh4 Nxf2 16. Kxf2 Bxb1 17. Qxb1 Qxd4+ 18. Be3 Qf6+ 19. Kg1 Ng6 20. Nxg6
hxg6 21. Qc2 Qa6 22. Bd5 Rac8 23. Rf1 b5 24. Qf2 Qf6 25. Qxf6 gxf6 26. Rxf6
Rcd8 27. Rxg6+ Kh7 28. Rh6+ Kg7 29. Rh5 Rfe8 30. Bxa7 Kg6 31. g4 Re2 32. Bd4 f5
33. Rxf5 Rd2 34. Bf7+ Kh6 35. Rh5# 1-0

[Event "Forcing Moves Winter-1 U2000"]
[Site "Mississauga CAN"]
[Date "2023.01.28"]
[Round "2.6"]
[White "Botello, Daniel"]
[Black "Suresh, Pavan"]
[Result "1-0"]
[WhiteElo "1729"]
[BlackElo "1442"]
[PlyCount "91"]
[EventDate "2023.01.28"]
[EventType "swiss"]
[EventRounds "5"]
[EventCountry "CAN"]

1. d4 d5 2. Nc3 Nf6 3. Bg5 h6 4. Bh4 Bf5 5. f3 Nc6 6. e3 g6 7. g4 Bc8 8. Qd2
Bg7 9. O-O-O O-O 10. Bg3 a6 11. h4 Nh7 12. Qh2 b5 13. Bxc7 Qd7 14. Bh3 e6 15.
Nge2 b4 16. Nb1 Bb7 17. g5 h5 18. Qd6 Qxd6 19. Bxd6 Rfd8 20. Bc5 Nf8 21. Nf4 e5
22. dxe5 Nxe5 23. Nd2 a5 24. Rhf1 Ra6 25. Nb3 Nc4 26. Bd4 Bxd4 27. Rxd4 Nxe3
28. Re1 Nc4 29. Nc5 Rb6 30. Nxb7 Rxb7 31. Rxd5 Rxd5 32. Nxd5 Rb5 33. Nf6+ Kg7
34. Re8 Re5 35. Bf1 Rc5 36. Rxf8 Kxf8 37. Nd7+ Ke7 38. Nxc5 Ne3 39. Bh3 Kd6 40.
Nd3 Kd5 41. Kd2 Nc4+ 42. Ke2 Kd4 43. Bd7 Ne3 44. c3+ bxc3 45. bxc3+ Kxc3 46.
Kxe3 1-0

[Event "Forcing Moves Winter-1 U2000"]
[Site "Mississauga CAN"]
[Date "2023.01.28"]
[Round "2.7"]
[White "Singh Dhaliwal, Jaipreet"]
[Black "Xie, Irene"]
[Result "1-0"]
[WhiteElo "1495"]
[BlackElo "1718"]
[PlyCount "71"]
[EventDate "2023.01.28"]
[EventType "swiss"]
[EventRounds "5"]
[EventCountry "CAN"]

1. e4 d6 2. d4 g6 3. Bd3 Bg7 4. c3 Nf6 5. Nf3 Bg4 6. Be3 Nbd7 7. Nbd2 e5 8. h3
Bxf3 9. Nxf3 Ng8 10. Qd2 Ne7 11. O-O-O h5 12. g4 c6 13. Bc4 d5 14. Bb3 dxe4 15.
Bxf7+ Kxf7 16. Ng5+ Kg8 17. dxe5 Nd5 18. e6 N7b6 19. Nf7 Qe7 20. Nxh8 Bxh8 21.
Bd4 Qxe6 22. Bxh8 Kxh8 23. Qh6+ Kg8 24. gxh5 Qf6 25. Qxg6+ Qxg6 26. hxg6 Kg7
27. Rd4 Nf4 28. Rxe4 Nd3+ 29. Kc2 Nxf2 30. Re7+ Kxg6 31. Rh2 Nd5 32. Re2 Nxh3
33. Rxh3 Nf4 34. Rg3+ Kf5 35. Re7 b6 36. Rf7+ 1-0

[Event "Forcing Moves Winter-1 U2000"]
[Site "Mississauga CAN"]
[Date "2023.01.28"]
[Round "2.8"]
[White "Chen, Sam"]
[Black "Zhang, Daniel"]
[Result "0-1"]
[WhiteElo "1408"]
[BlackElo "1671"]
[PlyCount "48"]
[EventDate "2023.01.28"]
[EventType "swiss"]
[EventRounds "5"]
[EventCountry "CAN"]

1. e4 c5 2. Nf3 d6 3. d4 cxd4 4. Nxd4 Nf6 5. Nc3 a6 6. Be3 e6 7. Bc4 b5 8. Bd3
Bb7 9. a3 Nbd7 10. O-O d5 11. exd5 Nxd5 12. Nxd5 Bxd5 13. Bf4 Be7 14. Re1 Nf6
15. Bg5 O-O 16. Bxf6 Bxf6 17. Be4 Bxe4 18. Rxe4 Qd5 19. Qd3 Rac8 20. Rd1 Rfd8
21. b3 Rc3 22. Qxc3 Qxe4 23. Qc7 h6 24. c3 e5 0-1

[Event "Forcing Moves Winter-1 U2000"]
[Site "Mississauga CAN"]
[Date "2023.01.28"]
[Round "2.9"]
[White "Deshpande, Sarthak"]
[Black "Wang, Bingfei"]
[Result "0-1"]
[WhiteElo "1916"]
[BlackElo "1886"]
[PlyCount "56"]
[EventDate "2023.01.28"]
[EventType "swiss"]
[EventRounds "5"]
[EventCountry "CAN"]

1. d4 d5 2. c4 e6 3. Nf3 Nf6 4. g3 c5 5. cxd5 exd5 6. Nc3 Nc6 7. Bg5 Be6 8. Bg2
h6 9. Bf4 Be7 10. O-O O-O 11. Rc1 Rc8 12. dxc5 Bxc5 13. Na4 Be7 14. Nc5 Bxc5
15. Rxc5 Qb6 16. Qc1 Nd4 17. Nxd4 Rxc5 18. Qd2 Rc4 19. Nb3 Rfc8 20. Be5 Ne4 21.
Qd3 Nc5 22. Nxc5 Qxc5 23. b3 Rc1 24. Bd4 Rxf1+ 25. Bxf1 Qc1 26. Qe3 Bh3 27.
Qxc1 Rxc1 28. f3 Rxf1# 0-1

[Event "Forcing Moves Winter-1 U2000"]
[Site "Mississauga CAN"]
[Date "2023.01.28"]
[Round "2.10"]
[White "Sreekumar, Gauri"]
[Black "Shah, Omar"]
[Result "0-1"]
[WhiteElo "1606"]
[BlackElo "1823"]
[PlyCount "52"]
[EventDate "2023.01.28"]
[EventType "swiss"]
[EventRounds "5"]
[EventCountry "CAN"]

1. d4 Nf6 2. c4 c5 3. d5 Ne4 4. Qc2 Qa5+ 5. Bd2 Nxd2 6. Nxd2 g6 7. Ngf3 Bg7 8.
e4 d6 9. Be2 O-O 10. O-O a6 11. a3 b5 12. Rab1 Bg4 13. h3 Bxf3 14. Bxf3 Nd7 15.
Be2 Rfb8 16. b4 Qxa3 17. cxb5 axb5 18. bxc5 Nxc5 19. Bxb5 Qa2 20. Rfc1 Bh6 21.
Rb2 Qa5 22. Nc4 Bxc1 23. Rb1 Qe1+ 24. Kh2 Bf4+ 25. g3 Bxg3+ 26. fxg3 Qxe4 0-1

[Event "Forcing Moves Winter-1 U2000"]
[Site "Mississauga CAN"]
[Date "2023.01.28"]
[Round "2.11"]
[White "Deepak, Laksshana"]
[Black "Li, Ethan"]
[Result "0-1"]
[WhiteElo "1697"]
[BlackElo "1493"]
[PlyCount "116"]
[EventDate "2023.01.28"]
[EventType "swiss"]
[EventRounds "5"]
[EventCountry "CAN"]

1. e4 d6 2. d4 Nf6 3. Nc3 g6 4. h3 Bg7 5. Be3 c6 6. Nf3 Qa5 7. Qd2 Nbd7 8. Bd3
e5 9. a3 a6 10. O-O Qc7 11. Bh6 O-O 12. Bxg7 Kxg7 13. Qg5 c5 14. d5 c4 15. Be2
Nc5 16. Nd2 b5 17. f4 Ncd7 18. fxe5 dxe5 19. Rf2 Qc5 20. Raf1 a5 21. Kh1 Ra6
22. Nd1 h6 23. Qg3 Qd4 24. Bf3 Re8 25. Bg4 Re7 26. Ne3 Kf8 27. c3 Nxe4 28.
Rxf7+ Rxf7 29. Rxf7+ Kxf7 30. Be6+ Rxe6 31. dxe6+ Kg7 32. Nf5+ Kh7 33. cxd4
Nxg3+ 34. Nxg3 Nf6 35. dxe5 Nd5 36. Nge4 Bxe6 37. Nf3 Kg7 38. Nc5 Kf7 39. Nd4
Nc7 40. Kg1 b4 41. Kf2 c3 42. bxc3 bxa3 43. Nc2 a2 44. Na1 Nd5 45. Ne4 Bf5 46.
Nd6+ Ke6 47. Nc4 a4 48. g4 Bb1 49. Ke1 Nxc3 50. Kd2 Ne4+ 51. Ke3 Nc5 52. Nd2
Kxe5 53. h4 Kd5 54. g5 h5 55. Ke2 Kd4 56. Kd1 Kc3 57. Kc1 Nb3+ 58. Naxb3 axb3
0-1

[Event "Forcing Moves Winter-1 U2000"]
[Site "Mississauga CAN"]
[Date "2023.01.28"]
[Round "2.12"]
[White "Pham, Anthony"]
[Black "Nguyen, Thuan"]
[Result "0-1"]
[WhiteElo "1467"]
[BlackElo "1515"]
[PlyCount "55"]
[EventDate "2023.01.28"]
[EventType "swiss"]
[EventRounds "5"]
[EventCountry "CAN"]

1. e4 e5 2. Nf3 Nf6 3. d4 Nxe4 4. Bd3 d5 5. Nxe5 Nd7 6. Nxd7 Bxd7 7. O-O Be7 8.
c4 c6 9. Nc3 Nxc3 10. bxc3 O-O 11. cxd5 cxd5 12. Qh5 g6 13. Qxd5 Qc7 14. Bb2
Bc6 15. Qb3 a5 16. a4 Bd6 17. h4 Bh2+ 18. Kh1 Qf4 19. d5 Qxh4 20. Bf5 gxf5 21.
Rfe1 Bf4+ 22. Kg1 Qh2+ 23. Kf1 Rfe8 24. Re3 Bxe3 25. fxe3 Rxe3 26. dxc6 Rae8
27. Qd1 bxc6 28. Qd2 0-1

[Event "Forcing Moves Winter-1 U2000"]
[Site "Mississauga CAN"]
[Date "2023.01.28"]
[Round "3.5"]
[White "Botello, Daniel"]
[Black "Lakhani, Riyaan"]
[Result "1-0"]
[WhiteElo "1729"]
[BlackElo "1841"]
[PlyCount "77"]
[EventDate "2023.01.28"]
[EventType "swiss"]
[EventRounds "5"]
[EventCountry "CAN"]

1. d4 Nf6 2. Nc3 c5 3. d5 e6 4. e4 exd5 5. exd5 d6 6. h3 a6 7. a4 g6 8. Nf3 Bg7
9. Be2 O-O 10. O-O Nbd7 11. Bf4 Qc7 12. Nd2 Re8 13. Nc4 Bf8 14. Ra3 Nb6 15. Ne3
Rb8 16. a5 Nbd7 17. g4 b5 18. axb6 Nxb6 19. Bxa6 Bxa6 20. Rxa6 Qb7 21. Ra3 Nfd7
22. Rb3 Qc8 23. Qf3 Ne5 24. Qg2 Nbc4 25. Ne4 Rd8 26. Bg5 Rxb3 27. cxb3 Nxb2 28.
f4 Ned3 29. Bxd8 Qxd8 30. g5 Bg7 31. Ng4 Bd4+ 32. Kh1 Qb8 33. Ngf6+ Kg7 34. Qg4
Qh8 35. Qd7 h5 36. Ne8+ Kf8 37. N4xd6 Qg8 38. Nf6 Bxf6 39. gxf6 1-0

[Event "Forcing Moves Winter-1 U2000"]
[Site "Mississauga CAN"]
[Date "2023.01.28"]
[Round "3.6"]
[White "Wang, Bingfei"]
[Black "Singh Dhaliwal, Jaipreet"]
[Result "1/2-1/2"]
[WhiteElo "1886"]
[BlackElo "1495"]
[PlyCount "88"]
[EventDate "2023.01.28"]
[EventType "swiss"]
[EventRounds "5"]
[EventCountry "CAN"]

1. d4 Nf6 2. c4 g6 3. Nc3 Bg7 4. e4 d6 5. f4 Bg4 6. Qb3 Nc6 7. Be3 Bd7 8. h3
Nh5 9. Nge2 e5 10. fxe5 dxe5 11. O-O-O exd4 12. Nxd4 Nxd4 13. Bxd4 Bxd4 14.
Rxd4 Qg5+ 15. Kb1 Ng3 16. Qxb7 O-O 17. Rxd7 Nxh1 18. Qxc7 Ng3 19. Bd3 Nh5 20.
e5 Qg3 21. Be4 Rac8 22. Qxa7 Qxe5 23. Re7 Qf4 24. Bd5 Qf5+ 25. Kc1 Nf4 26. Be4
Qg5 27. Kb1 Rxc4 28. a3 Ne6 29. Bd5 Rxc3 30. Bxe6 Rc1+ 31. Ka2 Rf1 32. Qb7 Rf2
33. Bd5 Qf6 34. Rd7 Qe5 35. Qb3 Kg7 36. Bf3 Kg8 37. Bd5 Rf5 38. Bf3 Rb8 39. Rb7
Rf8 40. Rd7 Rf4 41. Bd5 Rf5 42. Bf3 Qf6 43. Bd5 Rf2 44. a4 Rf5 1/2-1/2

[Event "Forcing Moves Winter-1 U2000"]
[Site "Mississauga CAN"]
[Date "2023.01.28"]
[Round "3.7"]
[White "Sreekumar Maliekal, Balakrishnan"]
[Black "Xie, Irene"]
[Result "0-1"]
[WhiteElo "1415"]
[BlackElo "1718"]
[PlyCount "132"]
[EventDate "2023.01.28"]
[EventType "swiss"]
[EventRounds "5"]
[EventCountry "CAN"]

1. d4 d5 2. c4 c6 3. Nf3 Nf6 4. cxd5 cxd5 5. Nc3 Nc6 6. Bf4 g6 7. e3 Bg4 8. h3
Bxf3 9. Qxf3 e6 10. a3 a6 11. Bd3 Bg7 12. Rc1 Rc8 13. O-O O-O 14. Na4 Nd7 15.
Qd1 b5 16. Nc5 Nxc5 17. Rxc5 Na5 18. Qc2 Nc4 19. Rxc8 Qxc8 20. Rc1 Qb7 21. Qb3
Qd7 22. Qa2 Rc8 23. b3 Nb6 24. Rxc8+ Qxc8 25. Bd6 Bf8 26. Bxf8 Kxf8 27. a4 b4
28. a5 Nd7 29. Qa4 Qb7 30. f3 Nb8 31. Qa1 Ke7 32. Qc1 Qc6 33. Qf1 Qc3 34. Bxa6
Qxe3+ 35. Kh1 Qxb3 36. Bb5 Qa3 37. a6 b3 38. Qf2 Qc1+ 39. Qg1 Qxg1+ 40. Kxg1 b2
41. Bd3 Nxa6 42. Kf1 Nc7 43. Ke1 Nb5 44. Kd2 Na3 45. Kc3 b1=Q 46. Bxb1 Nxb1+
47. Kc2 Na3+ 48. Kb3 Nc4 49. Kc3 h5 50. g3 Ne3 51. Kd3 Nf5 52. g4 hxg4 53. fxg4
Nh4 54. Ke3 g5 55. Kd3 f5 56. Ke3 f4+ 57. Kf2 Kd6 58. Ke2 e5 59. Kd3 exd4 60.
Kxd4 f3 61. Ke3 d4+ 62. Kf2 Kd5 63. Kg3 d3 64. Kf2 Kd4 65. Ke1 Kc3 66. Kd1 f2
0-1

[Event "Forcing Moves Winter-1 U2000"]
[Site "Mississauga CAN"]
[Date "2023.01.28"]
[Round "3.8"]
[White "Gao, Heye"]
[Black "Chen, Sam"]
[Result "1-0"]
[WhiteElo "1662"]
[BlackElo "1408"]
[PlyCount "67"]
[EventDate "2023.01.28"]
[EventType "swiss"]
[EventRounds "5"]
[EventCountry "CAN"]

1. e4 e5 2. Nf3 Nc6 3. Bc4 Nf6 4. d3 Bc5 5. Nc3 d6 6. h3 O-O 7. Bg5 Bb4 8. O-O
Bxc3 9. bxc3 h6 10. Be3 Re8 11. Qd2 d5 12. exd5 Nxd5 13. Bb3 Nxe3 14. fxe3 Be6
15. Ba4 Bd7 16. Qf2 Qf6 17. Qe2 e4 18. Nd4 Nxd4 19. cxd4 Qe7 20. Bxd7 Qxd7 21.
dxe4 Rxe4 22. Qd3 Rae8 23. Rf3 Qe6 24. Re1 Qxa2 25. Qc3 Qd5 26. Kh1 c6 27. Rg3
a5 28. Kh2 a4 29. Re2 Rxd4 30. Rd2 Rxe3 31. Qxd4 Rxg3 32. Qxd5 Rxh3+ 33. Kxh3
cxd5 34. Rxd5 1-0

[Event "Forcing Moves Winter-1 U2000"]
[Site "Mississauga CAN"]
[Date "2023.01.28"]
[Round "3.9"]
[White "Suresh, Pavan"]
[Black "Sreekumar, Gauri"]
[Result "1-0"]
[WhiteElo "1442"]
[BlackElo "1606"]
[PlyCount "113"]
[EventDate "2023.01.28"]
[EventType "swiss"]
[EventRounds "5"]
[EventCountry "CAN"]

1. d4 Nf6 2. c4 g6 3. Nc3 Bg7 4. e4 d6 5. Be2 O-O 6. Nf3 e5 7. d5 a5 8. O-O Na6
9. Ne1 Nc5 10. f3 Nh5 11. Be3 f5 12. Bxc5 dxc5 13. a3 Nf4 14. Nd3 Qg5 15. Nxf4
exf4 16. Kh1 Qh6 17. Qc2 g5 18. exf5 Bxf5 19. Bd3 Bxd3 20. Qxd3 Be5 21. Rae1
Rae8 22. Ne4 Bxb2 23. Nxc5 Rxe1 24. Rxe1 Qh4 25. Qe4 g4 26. fxg4 f3 27. gxf3
Qf2 28. Nd3 Qd2 29. Nxb2 Qxb2 30. Qe3 Qc2 31. Rc1 Qb2 32. Qg5+ Kh8 33. Re1 Qxa3
34. Qe5+ Kg8 35. Re3 Qc1+ 36. Kg2 Qxc4 37. Qg5+ Kh8 38. Re7 Qc2+ 39. Kg3 Qc3
40. Re3 Qg7 41. h4 Qxg5 42. hxg5 Rd8 43. Re7 Rxd5 44. Rxc7 b5 45. f4 a4 46. f5
a3 47. Kf4 b4 48. f6 Kg8 49. Rc8+ Kf7 50. Rc7+ Kf8 51. Rxh7 a2 52. g6 Ke8 53.
Ra7 b3 54. f7+ Kf8 55. Ra8+ Kg7 56. f8=Q+ Kxg6 57. Qg8+ 1-0

[Event "Forcing Moves Winter-1 U2000"]
[Site "Mississauga CAN"]
[Date "2023.01.28"]
[Round "3.10"]
[White "Li, Ethan"]
[Black "Pham, Anthony"]
[Result "0-1"]
[WhiteElo "1493"]
[BlackElo "1467"]
[PlyCount "77"]
[EventDate "2023.01.28"]
[EventType "swiss"]
[EventRounds "5"]
[EventCountry "CAN"]

1. e4 c5 2. d4 cxd4 3. c3 dxc3 4. Nxc3 Nc6 5. Nf3 e6 6. Bc4 Bc5 7. Bf4 a6 8.
O-O Nge7 9. Qe2 Nd4 10. Nxd4 Bxd4 11. Rac1 O-O 12. Rfd1 Ba7 13. e5 Ng6 14. Bg3
b5 15. Bb3 Qe7 16. Ne4 Bb7 17. Nd6 Bc6 18. Bc2 Qg5 19. Be4 h5 20. Bxc6 dxc6 21.
h4 Qxg3 22. Qf3 Qxf3 23. gxf3 Nxe5 24. Kg2 c5 25. Ne4 c4 26. Rc3 Rfd8 27. Re1
Nd3 28. Rb1 Rac8 29. Rc2 Nb4 30. Re2 Nxa2 31. Rg1 Nb4 32. Kh3 Kf8 33. Rg5 g6
34. Nf6 Nd3 35. Kh2 Nxb2 36. Nxh5 gxh5 37. Rxb2 c3 38. Rb1 c2 39. Rbg1 0-1

[Event "Forcing Moves Winter-1 U2000"]
[Site "Mississauga CAN"]
[Date "2023.01.28"]
[Round "3.11"]
[White "Deepak, Laksshana"]
[Black "Deshpande, Sarthak"]
[Result "0-1"]
[WhiteElo "1697"]
[BlackElo "1916"]
[PlyCount "122"]
[EventDate "2023.01.28"]
[EventType "swiss"]
[EventRounds "5"]
[EventCountry "CAN"]

1. e4 c6 2. d4 d5 3. exd5 cxd5 4. Nf3 Nf6 5. Bd3 Bg4 6. Be3 e6 7. a3 Nc6 8. Nc3
a6 9. Be2 Bd6 10. Qd2 O-O 11. O-O b5 12. Ne1 Bf5 13. Nd3 Qb6 14. Ne5 Qc7 15. f4
Ne4 16. Nxe4 Bxe4 17. Bd3 Bxd3 18. Qxd3 f5 19. Rf3 Bxe5 20. fxe5 Ne7 21. Qe2
Ng6 22. Rh3 h6 23. Qh5 Qf7 24. Rf1 Ne7 25. Qh4 Ng6 26. Qg3 f4 27. Qg4 Qf5 28.
Qd1 Qe4 29. Bf2 Ne7 30. c3 Qg6 31. Qf3 Qe4 32. Be1 Qxf3 33. Rhxf3 g5 34. h4 Ng6
35. hxg5 hxg5 36. Rh3 Kg7 37. Rh5 Rf5 38. g4 fxg3 39. Bxg3 Raf8 40. Rf2 g4 41.
Rhh2 Rxf2 42. Bxf2 Nf4 43. Be3 Nh3+ 44. Kg2 Rf3 45. Bg1 Rd3 46. Kh1 Rd1 47. Rg2
Rxg1+ 48. Rxg1 Nxg1 49. Kxg1 Kg6 50. Kg2 a5 51. Kg3 Kg5 52. Kg2 a4 53. Kg3 Kf5
54. Kg2 Kf4 55. Kf2 g3+ 56. Kg2 Kg4 57. Kg1 Kf3 58. Kf1 g2+ 59. Kg1 Kg3 60. c4
bxc4 61. b3 axb3 0-1

[Event "Forcing Moves Winter-1 U2000"]
[Site "Mississauga CAN"]
[Date "2023.01.29"]
[Round "4.5"]
[White "Singh Dhaliwal, Jaipreet"]
[Black "Botello, Daniel"]
[Result "0-1"]
[WhiteElo "1495"]
[BlackElo "1729"]
[PlyCount "132"]
[EventDate "2023.01.28"]
[EventType "swiss"]
[EventRounds "5"]
[EventCountry "CAN"]

1. e4 e5 2. Nf3 d5 3. Nxe5 Bd6 4. d4 dxe4 5. Nc3 Bxe5 6. dxe5 Qxd1+ 7. Kxd1 Nc6
8. Bb5 Nge7 9. Bg5 Bd7 10. Re1 O-O-O 11. Kc1 Rde8 12. e6 Bxe6 13. Bxe7 Rxe7 14.
Bxc6 bxc6 15. Rxe4 Rd8 16. b3 Red7 17. Re2 g5 18. f3 Rd4 19. Kb2 h5 20. Re5 Rh4
21. Rh1 Rd2 22. Rxg5 f6 23. Rc5 Rxg2 24. Rxc6 Kd7 25. Rc5 Kd6 26. Ra5 Rhxh2 27.
Ne4+ Ke7 28. Rxh5 Rxc2+ 29. Ka3 Rxa2+ 30. Kb4 Rxh1 31. Rxh1 a5+ 32. Kb5 Bxb3
33. Rc1 Rc2 34. Re1 a4 35. Re3 Kf7 36. Nc5 Rb2 37. Kb4 Bd1+ 38. Ka3 Rf2 39. Na6
Rxf3 40. Rxf3 Bxf3 41. Kxa4 c6 42. Kb4 f5 43. Kc3 Kf6 44. Kd4 Bd5 45. Nc5 f4
46. Nd3 f3 47. Ne5 Kf5 48. Nd3 Kg4 49. Ke3 Kg3 50. Nf2 Kg2 51. Nd3 Kg3 52. Nf2
c5 53. Nd1 Bb3 54. Nc3 Bc2 55. Kd2 Bb3 56. Ne4+ Kf4 57. Nxc5 Bc4 58. Ke1 Ke3
59. Ne4 Kxe4 60. Kf2 Kf4 61. Kg1 Ke3 62. Kh1 f2 63. Kh2 f1=Q 64. Kg3 Qg1+ 65.
Kh4 Kf4 66. Kh3 Qg3# 0-1